| Tag |
First Indicator |
Second Indicator |
Subfields |
| LEADER |
00000cam a2200000 i 4500 |
| 001 |
in00000488708 |
| 005 |
20151013055300.0 |
| 008 |
760129s1976 coua 00010 eng |
| 010 |
|
|
|a 75028743
|
| 035 |
|
|
|a (OCoLC)02020066
|
| 035 |
|
|
|9 ACC5019AM
|
| 040 |
|
|
|a DLC
|c DLC
|d TXA
|d UtOrBLW
|
| 041 |
0 |
|
|a eng
|a spa
|
| 049 |
|
|
|a TXAM
|c [1492335]
|
| 050 |
0 |
0 |
|a PC4290
|b .M3
|
| 082 |
0 |
|
|a 468/.2/421
|
| 100 |
1 |
|
|a McKay, Douglas R.
|
| 245 |
1 |
0 |
|a Understanding the Spanish subjunctive :
|b a simplified student guide to the mood of uncertainty /
|c by Douglas R. McKay ; [illustrated by Delia Jane Dallison].
|
| 264 |
|
1 |
|a Colorado Springs :
|b Centennial Editions,
|c [1976]
|
| 264 |
|
4 |
|c ©1976
|
| 300 |
|
|
|a 64 pages :
|b illustrations ;
|c 22 cm.
|
| 336 |
|
|
|a text
|b txt
|2 rdacontent
|
| 337 |
|
|
|a unmediated
|b n
|2 rdamedia
|
| 338 |
|
|
|a volume
|b nc
|2 rdacarrier
|
| 650 |
|
0 |
|a Spanish language
|x Mood.
|
| 999 |
|
|
|a MARS
|
| 999 |
f |
f |
|s a3cb11e1-cd2f-3e3e-8b7b-8595f3a74e80
|i e52d370e-9d65-38f9-8e35-648edcf6d88c
|t 0
|
| 952 |
f |
f |
|p ric
|a Texas A&M University
|b Rellis Campus
|c Joint Library Facility
|s JLF
|d Remote Storage
|t 0
|e PC4290 .M3
|h Library of Congress classification
|i unmediated -- volume
|m A14803571065
|
| 998 |
f |
f |
|a PC4290 .M3
|t 0
|l Remote Storage
|